Statistiques concernant pokemon attraper les tous!!!!!!

Cliquez ici pour prendre le quiz!

Statistiques générales

  • Ce quiz a été pris 171 fois
  • Le résultat moyen est 9 sur 15

Statistiques - réponses

HintRéponse% Correct
jaune et minionpikachu
100%
il plie les cuillerekadabra
83%
bleu et rondcarapuce
79%
il aime chanterondoudou
77%
brulantsalameche
75%
vert comme la naturebulbizarre
73%
il puetadmorv
71%
il evolue grace a une pierrelunemelofee
63%
le meilleur ami de l'hommecaninos
57%
il est un peu bete mais peux etre eficacepsykokwak
56%
il peut creer des murs invisiblesm.mime
55%
le pokemon prefere de david lafarge pokemon premiere generationdracaufeu
53%
une evolution des precedentraichu
41%
le pokemon prefere de miss jirachidracolosse
31%
il est petitmystherbe
23%

Distribution des résultats

Percentile par nombre de réponses

% des personnes avec chaque résultat

Votre développement - résultats

Vous n’avez pas pris ce quiz